TOP 5 najbardziej znanych piosenek świątecznych na świecie - Statystyki

Ogólne statystyki
  • Ten quiz został rozwiązany 8 razy
  • Średni wynik to 2 z 5
Statystyki odpowiedzi
Hint Odpowiedź % Poprawnych
5. Last Christmas
88%
3. Jingle Bell Rock
75%
1. All I Want for Christmas Is You
38%
2. Rockin' Around the Christmas Tree
0%
4. The Christmas Song
0%
Nie znaleziono quizów pasujących do podanych kryteriów
Rozkład punktacji
Procent ludzi z każdym wynikiem
Percentyl według liczby udzielonych odpowiedzi
Twoja historia wyników
Nie rozwiązałeś tego quizu